| 000 | 01050cam a2200205 4500 | ||
|---|---|---|---|
| 001 | WB3919-17 | ||
| 008 | 030520n2003 000 0 eng u | ||
| 035 | _a(Sirsi) u122345 | ||
| 245 | _aMPG6 survey figures released | ||
| 260 | _c2003 | ||
| 490 |
_aRICS Minerals and Waste Management Faculty News _v13 May 2003 (1) |
||
| 520 | _aThe latest ODPM four yearly survey of primary aggregates showed that total sales of primary aggregates produced in England and Wales in 2001 were 192.9m tonnes, of which 59% were crushed rock and 33% were land worn sand and gravel and 8% marine dredged sand and gravel. A summary of the results can be seen at http://www.planning.odpm.gov.uk/minsur01/01.htm. http://www.rics.org/ricscms/bin/show?class=News&template=/includes/shownews.html&id=5772&faculty=Minerals%20and%20Waste%20Management&faculty=All%20Faculties | ||
| 590 | _aWB | ||
| 650 | _aAGGREGATES MINERALS SURVEY | ||
| 650 | _aNATIONAL PARKS | ||
| 650 | _aQUARRYING | ||
| 650 | _aPRIMARY AGGREGATES | ||
| 690 | _aMINING AND MINERALS | ||
| 942 | _n0 | ||
| 999 |
_c72707 _d72707 |
||